| 000 | 00351 a2200157 4500 | ||
|---|---|---|---|
| 003 | Nust | ||
| 005 | 20221215110539.0 | ||
| 040 | _cNust | ||
| 082 | _a538, STA | ||
| 245 | _aElectrostatics and Magnetism | ||
| 260 |
_aUSA _bTextor |
||
| 300 | _a50 p | ||
| 505 | _aNot Avaialble | ||
| 650 |
_aElectrostatics and Magnetism _9104928 |
||
| 942 |
_2ddc _cBK |
||
| 999 |
_c184469 _d184469 |
||